[Event "AUT 4 Lands (Women)"]
[Site "Semriach"]
[Date "2013.05.19"]
[Round "2.1"]
[White "Horvath, Maria"]
[Black "Schink, Barbara"]
[Result "0-1"]
[WhiteElo "2009"]
[BlackElo "2167"]
[PlyCount "69"]
[EventDate "2013.05.18"]
[EventType "team-tourn"]
[EventRounds "3"]
[EventCountry "AUT"]
[SourceTitle "EXT 2015"]
[Source "ChessBase"]
[SourceDate "2014.11.20"]
[SourceVersion "1"]
[SourceVersionDate "2014.11.20"]
[SourceQuality "1"]
[WhiteTeam "Burgenland"]
[BlackTeam "Steiermark"]
[WhiteTeamCountry "AUT"]
[BlackTeamCountry "AUT"]

1. d4 d5 2. c4 dxc4 3. Nf3 Nf6 4. e3 Bg4 5. Bxc4 e6 6. 0-0 a6 7. h3 Bh5 8. a4 Nc6 9. Nc3 Bb4 10. Qe2 0-0 11. Rd1 Bxc3 12. bxc3 Ne4 13. Bb2 Ng5 14. e4 Bxf3 15. gxf3 Nxh3+ 16. Kf1 Nf4 17. Qc2 Qh4 18. Ke1 Qh1+ 19. Kd2 Qxf3 20. Kc1 Na5 21. Bf1 Rfd8 22. Ra3 Ng6 23. c4 Qf4+ 24. Kb1 e5 25. d5 b6 26. Rg3 Qf6 27. Bh3 Qe7 28. Ba3 Qe8 29. Rh1 c6 30. Bf5 b5 31. axb5 axb5 32. cxb5 cxd5 33. Qe2 Nc4 34. Bb2 Qxb5 35. Kc1 0-1

[Event "AUT 4 Lands (Women)"]
[Site "Semriach"]
[Date "2013.05.18"]
[Round "1.1"]
[White "Schink, Barbara"]
[Black "Hapala, Elisabeth"]
[Result "1-0"]
[WhiteElo "2167"]
[BlackElo "2003"]
[PlyCount "71"]
[EventDate "2013.05.18"]
[EventType "team-tourn"]
[EventRounds "3"]
[EventCountry "AUT"]
[SourceTitle "EXT 2015"]
[Source "ChessBase"]
[SourceDate "2014.11.20"]
[SourceVersion "1"]
[SourceVersionDate "2014.11.20"]
[SourceQuality "1"]
[WhiteTeam "Steiermark"]
[BlackTeam "Niederoesterreich"]
[WhiteTeamCountry "AUT"]
[BlackTeamCountry "AUT"]

1. e4 c5 2. Nf3 e6 3. Nc3 Nc6 4. d4 cxd4 5. Nxd4 Qc7 6. Be2 a6 7. 0-0 Nf6 8. Be3 Bb4 9. Na4 0-0 10. Nxc6 bxc6 11. Nb6 Rb8 12. Nxc8 Rfxc8 13. Bxa6 Rd8 14. Bd3 Bd6 15. f4 e5 16. b3 exf4 17. Bd4 f3 18. e5 Bxe5 19. Bxe5 Qxe5 20. Qxf3 Re8 21. a4 d5 22. a5 c5 23. Qf4 Qe7 24. a6 Qa7 25. Kh1 Re6 26. Bf5 Re2 27. Rfe1 Rbe8 28. Rxe2 Rxe2 29. Bd3 Re6 30. h3 g6 31. Qg5 Kg7 32. Rf1 Qe7 33. Qh4 Qc7 34. Ra1 Qa7 35. Re1 Rxe1+ 36. Qxe1 1-0

[Event "Steyr Landesliga 1112"]
[Site "Austria"]
[Date "2012.02.04"]
[Round "8.4"]
[White "Schnabel, Josef"]
[Black "Schink, Barbara"]
[Result "0-1"]
[WhiteElo "2027"]
[BlackElo "2069"]
[PlyCount "72"]
[EventDate "2011.09.24"]
[EventType "team-tourn"]
[EventRounds "11"]
[EventCountry "AUT"]
[SourceTitle "EXT 2013"]
[Source "ChessBase"]
[SourceDate "2012.11.22"]
[SourceVersion "1"]
[SourceVersionDate "2012.11.22"]
[SourceQuality "1"]
[WhiteTeam "Frauental"]
[BlackTeam "Graz Strassenbahn"]
[WhiteTeamCountry "AUT"]
[BlackTeamCountry "AUT"]

1. d4 d5 2. c4 dxc4 3. Nc3 Nf6 4. Nf3 e6 5. Bg5 Be7 6. e3 a6 7. Bxc4 0-0 8. 0-0 Nbd7 9. Rc1 b5 10. Bd3 Bb7 11. Bb1 Rc8 12. a3 c5 13. dxc5 Rxc5 14. Bh4 Qa8 15. Qe2 Rfc8 16. Rcd1 Nf8 17. Rd2 Rc4 18. Bg3 Bxa3 19. Bd3 Bxb2 20. Nxb5 Rc1 21. Rxb2 Rxf1+ 22. Qxf1 axb5 23. Ne1 Rc1 24. f3 Nd5 25. Qe2 b4 26. Qd2 Qa1 27. Kf1 Rd1 28. Qe2 Nxe3+ 29. Kg1 Nd5 30. Be4 Nc3 31. Qxd1 Nxd1 32. Rxb4 Bxe4 33. Rxe4 Qa7+ 34. Kf1 Ne3+ 35. Ke2 Nd5 36. Kf1 Nd7 0-1

[Event "Graz op 18th"]
[Site "Graz"]
[Date "2011.08.29"]
[Round "3"]
[White "Lanka, Zigurds"]
[Black "Schink, Barbara"]
[Result "1-0"]
[WhiteElo "2469"]
[BlackElo "2040"]
[PlyCount "69"]
[EventDate "2011.08.27"]
[EventType "swiss"]
[EventRounds "9"]
[EventCountry "AUT"]
[SourceTitle "CBM 144 Extra"]
[Source "ChessBase"]
[SourceDate "2011.10.28"]
[SourceVersion "1"]
[SourceVersionDate "2011.10.28"]
[SourceQuality "1"]

1. e4 e5 2. Nf3 Nc6 3. Bb5 a6 4. Ba4 Nf6 5. 0-0 Be7 6. Re1 b5 7. Bb3 0-0 8. d3 d6 9. c3 Na5 10. Bc2 c5 11. Nbd2 Qc7 12. Nf1 Nc6 13. Ng3 g6 14. h3 d5 15. Bh6 Re8 16. exd5 Nxd5 17. a3 Bb7 18. Qe2 f6 19. d4 cxd4 20. cxd4 Bf8 21. Bxf8 Kxf8 22. dxe5 Nxe5 23. Nxe5 Rxe5 24. Qd2 Rae8 25. Re4 Rxe4 26. Bxe4 Nb6 27. Rc1 Qe7 28. Bxb7 Qxb7 29. Qd6+ Re7 30. Qxf6+ Kg8 31. h4 Nc4 32. h5 Rf7 33. Qe6 Kg7 34. b3 Re7 35. h6+ 1-0

[Event "AUT-ch (Women)"]
[Site "Linz"]
[Date "2011.07.29"]
[Round "7"]
[White "Moser, Eva"]
[Black "Schink, Barbara"]
[Result "1/2-1/2"]
[WhiteElo "2432"]
[BlackElo "2040"]
[PlyCount "70"]
[EventDate "2011.07.23"]
[EventType "swiss"]
[EventRounds "9"]
[EventCountry "AUT"]
[SourceTitle "CBM 143 Extra"]
[Source "ChessBase"]
[SourceDate "2011.08.29"]
[SourceVersion "1"]
[SourceVersionDate "2011.08.29"]
[SourceQuality "1"]

1. c4 e6 2. Nf3 d5 3. b3 Nf6 4. Bb2 Be7 5. g3 0-0 6. Bg2 b6 7. 0-0 Bb7 8. cxd5 exd5 9. e3 Nbd7 10. d3 Re8 11. Qc2 Rc8 12. Nbd2 c5 13. Rad1 Qc7 14. Qb1 Bd6 15. Rfe1 Ne5 16. Nxe5 Bxe5 17. d4 cxd4 18. Nf3 Bd6 19. Nxd4 Bb4 20. Rc1 Qd7 21. Rxc8 Rxc8 22. Rd1 Ne4 23. Rc1 Re8 24. Qd3 Bf8 25. Qb5 Qe7 26. Nc6 Bxc6 27. Qxc6 Nxf2 28. Bd4 Nd3 29. Rf1 Nb4 30. Qb5 Rd8 31. a3 Nc2 32. Bxd5 Nxe3 33. Bxe3 Qxe3+ 34. Kh1 Bc5 35. Qc4 b5 1/2-1/2

[Event "Ratten op 18th"]
[Site "Ratten"]
[Date "2011.06.03"]
[Round "3"]
[White "Schink, Barbara"]
[Black "Neubauer, Anton"]
[Result "1/2-1/2"]
[WhiteElo "2047"]
[BlackElo "1941"]
[PlyCount "38"]
[EventDate "2011.06.02"]
[EventType "swiss"]
[EventRounds "5"]
[EventCountry "AUT"]
[SourceTitle "CBM 143 Extra"]
[Source "ChessBase"]
[SourceDate "2011.08.29"]
[SourceVersion "1"]
[SourceVersionDate "2011.08.29"]
[SourceQuality "1"]

1. e4 c6 2. Nf3 d5 3. Nc3 Bg4 4. h3 Bxf3 5. Qxf3 e6 6. d3 Nf6 7. Bd2 Nbd7 8. g4 h6 9. Bg2 dxe4 10. dxe4 e5 11. Ne2 Qc7 12. Ng3 g6 13. 0-0 Bg7 14. Rfe1 0-0 15. Rad1 Rfe8 16. Bc3 Rad8 17. Bf1 Nc5 18. Rxd8 Rxd8 19. b3 Ne6 1/2-1/2

[Event "Graz-ch"]
[Site "Graz"]
[Date "2011.01.09"]
[Round "3"]
[White "Rattinger, Friedrich"]
[Black "Schink, Barbara"]
[Result "1-0"]
[WhiteElo "2092"]
[BlackElo "2028"]
[PlyCount "41"]
[EventDate "2011.01.07"]
[EventType "swiss"]
[EventRounds "7"]
[EventCountry "AUT"]
[SourceTitle "CBM 140 Extra"]
[Source "ChessBase"]
[SourceDate "2011.03.01"]
[SourceVersion "1"]
[SourceVersionDate "2011.03.01"]
[SourceQuality "1"]

1. d4 d5 2. c4 dxc4 3. e3 e5 4. Bxc4 exd4 5. exd4 Bb4+ 6. Nc3 Nf6 7. Nf3 0-0 8. 0-0 Nc6 9. h3 h6 10. Bf4 a6 11. Qd2 Bd6 12. Bxh6 gxh6 13. Qxh6 Nh7 14. Ne4 Bf5 15. Rfe1 Bxe4 16. Rxe4 Qf6 17. Qh5 Kh8 18. Rh4 Qg7 19. Ng5 Be7 20. Nxh7 Kg8 21. Rg4 1-0

[Event "AUT-chT2M 1011"]
[Site "Austria"]
[Date "2010.11.28"]
[Round "5"]
[White "Schink, Barbara"]
[Black "Hellmayr, Alois"]
[Result "1-0"]
[WhiteElo "2025"]
[BlackElo "2235"]
[PlyCount "153"]
[EventDate "2010.10.16"]
[EventType "team-tourn"]
[EventRounds "11"]
[EventCountry "AUT"]
[SourceTitle "EXT 2012"]
[Source "ChessBase"]
[SourceDate "2011.11.24"]
[SourceVersion "1"]
[SourceVersionDate "2011.11.24"]
[SourceQuality "1"]
[WhiteTeam "Graz Strassenbahn"]
[BlackTeam "Ansfelden"]
[WhiteTeamCountry "AUT"]
[BlackTeamCountry "AUT"]

1. e4 c5 2. Nf3 a6 3. c4 e6 4. Nc3 Qc7 5. Be2 d6 6. d4 cxd4 7. Nxd4 Nf6 8. Be3 b6 9. 0-0 Bb7 10. f3 Be7 11. Rc1 0-0 12. b4 Nbd7 13. Qb3 Rac8 14. Rfd1 Rfe8 15. a3 Qb8 16. Bg5 Qa8 17. Bf1 Ne5 18. Be3 Bd8 19. Nc2 Qb8 20. Bf2 Bc7 21. Ne3 Ng6 22. h3 Ne5 23. Rd2 Kh8 24. Rcd1 Nh5 25. Ne2 Rg8 26. Qb1 Rgf8 27. a4 Kg8 28. Rb2 Qa8 29. Rbd2 Qb8 30. Rb2 Nf6 31. Nd4 Qa8 32. Rbd2 Nh5 33. Ne2 Rfe8 34. Qb3 Qb8 35. Qb1 Kh8 36. Rb2 Qa8 37. Rbd2 Qb8 38. Rb2 Nf6 39. Nd4 Nh5 40. a5 Qa8 41. b5 bxa5 42. bxa6 Bxa6 43. Nb5 Nf6 44. Nxd6 Bxd6 45. Rxd6 Ned7 46. Qa1 Bb7 47. Ra2 Qb8 48. Rd1 Nc5 49. Rb1 a4 50. Qc3 Qc7 51. Nc2 Nfd7 52. Nd4 Ra8 53. Nb5 Qc6 54. Rd1 Kg8 55. Rd6 Qc8 56. Bg3 Bc6 57. Rd1 Nxe4 58. fxe4 Bxb5 59. Qb4 Bc6 60. c5 e5 61. Bf2 Rb8 62. Qe1 Nf6 63. Bd3 Rd8 64. Bc2 Rxd1 65. Qxd1 Bxe4 66. Rxa4 Qc6 67. Bxe4 Nxe4 68. Rb4 Rf8 69. Qf3 f5 70. Qb3+ Kh8 71. Rb8 Qf6 72. c6 Nxf2 73. Kxf2 Qh4+ 74. Kg1 Qd4+ 75. Kh2 Qc5 76. Rxf8+ Qxf8 77. c7 1-0

[Event "Graz (Women) 17th"]
[Site "Graz"]
[Date "2010.09.03"]
[Round "7"]
[White "Schink, Barbara"]
[Black "Lujan, Carolina"]
[Result "0-1"]
[WhiteElo "2052"]
[BlackElo "2296"]
[PlyCount "58"]
[EventDate "2010.08.21"]
[EventType "tourn"]
[EventRounds "9"]
[EventCountry "AUT"]
[SourceTitle "CBM 138 Extra"]
[Source "ChessBase"]
[SourceDate "2010.10.29"]
[SourceVersion "1"]
[SourceVersionDate "2010.10.29"]
[SourceQuality "1"]

1. e4 c5 2. Nf3 e6 3. d4 cxd4 4. Nxd4 a6 5. Nc3 b5 6. Bd3 Qb6 7. Nf3 Qc7 8. 0-0 Bb7 9. Re1 Be7 10. Bd2 Nc6 11. a4 b4 12. Na2 Nf6 13. c3 Ng4 14. h3 Nge5 15. Nxe5 Nxe5 16. Bf4 g5 17. Bxe5 Qxe5 18. Nxb4 h5 19. g3 h4 20. g4 Bc5 21. Qf3 Qg3+ 22. Qxg3 hxg3 23. Kg2 gxf2 24. Re2 Rh4 25. Nc2 f5 26. Ne3 f4 27. Nf1 f3+ 28. Kxf3 Rxh3+ 29. Ng3 Bd6 0-1

[Event "Graz (Women) 17th"]
[Site "Graz"]
[Date "2010.08.30"]
[Round "3"]
[White "Exler, Veronika"]
[Black "Schink, Barbara"]
[Result "0-1"]
[WhiteElo "2143"]
[BlackElo "2052"]
[PlyCount "80"]
[EventDate "2010.08.21"]
[EventType "tourn"]
[EventRounds "9"]
[EventCountry "AUT"]
[SourceTitle "CBM 138 Extra"]
[Source "ChessBase"]
[SourceDate "2010.10.29"]
[SourceVersion "1"]
[SourceVersionDate "2010.10.29"]
[SourceQuality "1"]

1. e4 e5 2. Nf3 Nc6 3. Bb5 a6 4. Bxc6 dxc6 5. 0-0 Qf6 6. d3 Ne7 7. Bg5 Qd6 8. Nbd2 Be6 9. Qe2 f6 10. Be3 c5 11. Rfd1 Nc6 12. c3 0-0-0 13. Nf1 Qe7 14. d4 cxd4 15. cxd4 exd4 16. Nxd4 Nxd4 17. Bxd4 Qf7 18. b3 Bd6 19. Rac1 Rhe8 20. Ne3 Kb8 21. f3 h5 22. g3 f5 23. e5 Ba3 24. Rb1 f4 25. gxf4 Rxd4 26. Rxd4 Qg6+ 27. Qg2 Qxb1+ 28. Rd1 Qh7 29. Qg5 Be7 30. Qg2 g6 31. Kh1 Qf7 32. Qg3 h4 33. Qg2 Rf8 34. Ng4 Qxf4 35. Rd3 Rd8 36. Rxd8+ Bxd8 37. h3 Bd5 38. Nh2 g5 39. Qe2 Be7 40. e6 Qf5 0-1

[Event "AUT-ch (Women)"]
[Site "Vienna"]
[Date "2010.07.25"]
[Round "2"]
[White "Ragger, Anna Christina"]
[Black "Schink, Barbara"]
[Result "1-0"]
[WhiteElo "2187"]
[BlackElo "2052"]
[PlyCount "113"]
[EventDate "2010.07.24"]
[EventType "swiss"]
[EventRounds "9"]
[EventCountry "AUT"]
[SourceTitle "CBM 137 Extra"]
[Source "ChessBase"]
[SourceDate "2010.09.01"]
[SourceVersion "1"]
[SourceVersionDate "2010.09.01"]
[SourceQuality "1"]

1. e4 e5 2. Nf3 Nc6 3. Bb5 a6 4. Bxc6 dxc6 5. 0-0 Bg4 6. h3 h5 7. d3 Qf6 8. Nbd2 Ne7 9. Nc4 Bxf3 10. Qxf3 Qxf3 11. gxf3 Ng6 12. Rd1 c5 13. a4 b6 14. Kf1 f6 15. Be3 Kf7 16. Ke2 Bd6 17. c3 Rad8 18. Rd2 Nf8 19. Nxd6+ cxd6 20. f4 exf4 21. Bxf4 Ne6 22. Bg3 h4 23. Bh2 Ng5 24. f4 Nxh3 25. Kf3 g5 26. f5 Rdg8 27. Kg4 Nf4 28. Bxf4 gxf4+ 29. Kxf4 h3 30. Rh1 Rg5 31. Rdh2 Rh4+ 32. Kf3 Rgh5 33. c4 Rh7 34. Kg3 R4h5 35. Rxh3 Rg5+ 36. Kf2 Rhg7 37. Ke3 Rg2 38. R1h2 Rxh2 39. Rxh2 Rg3+ 40. Kd2 Kg7 41. a5 bxa5 42. Rh1 Kf8 43. Ra1 Rg7 44. Rxa5 Ra7 45. Kc3 Ke7 46. d4 cxd4+ 47. Kxd4 Rb7 48. Rxa6 Rxb2 49. Ra7+ Ke8 50. Kd5 Rb6 51. Ke6 Kf8 52. Rd7 Rc6 53. Rxd6 Rxc4 54. Kxf6 Rxe4 55. Rd8+ Re8 56. Rxe8+ Kxe8 57. Kg7 1-0

[Event "Mitropa Cup (Women)"]
[Site "Chur"]
[Date "2010.06.01"]
[Round "4"]
[White "Erdos, Boglarka"]
[Black "Schink, Barbara"]
[Result "1-0"]
[WhiteElo "2147"]
[BlackElo "2063"]
[PlyCount "79"]
[EventDate "2010.05.29"]
[EventType "team-tourn"]
[EventRounds "9"]
[EventCountry "SUI"]
[SourceTitle "CBM 136 Extra"]
[Source "ChessBase"]
[SourceDate "2010.07.02"]
[SourceVersion "2"]
[SourceVersionDate "2010.07.15"]
[SourceQuality "1"]
[WhiteTeam "Hungary (W)"]
[BlackTeam "Austria (W)"]
[WhiteTeamCountry "HUN"]
[BlackTeamCountry "AUT"]

1. d4 d5 2. c4 c6 3. Nc3 e6 4. Nf3 Nf6 5. Bg5 dxc4 6. a4 Bb4 7. e4 c5 8. Bxc4 cxd4 9. Nxd4 Qa5 10. Bb5+ Bd7 11. Bd2 Qb6 12. Be3 Nxe4 13. 0-0 Nxc3 14. bxc3 Bc5 15. Rb1 Qc7 16. Nxe6 fxe6 17. Qh5+ g6 18. Qxc5 Qxc5 19. Bxc5 Bxb5 20. axb5 Nd7 21. Bd4 e5 22. Rfe1 Kf7 23. Bxe5 Nxe5 24. Rxe5 Rhe8 25. Rxe8 Rxe8 26. Kf1 Re5 27. c4 Re4 28. Rb4 a5 29. bxa6 bxa6 30. f3 Re6 31. Rb7+ Kg8 32. Kf2 h5 33. c5 a5 34. Ra7 Kf8 35. Rxa5 Ke7 36. Kg3 Rc6 37. Rb5 Kf7 38. Kf4 Ke7 39. Rb7+ Kf6 40. Rb6 1-0

[Event "Mitropa Cup (Women)"]
[Site "Chur"]
[Date "2010.05.31"]
[Round "3"]
[White "Schink, Barbara"]
[Black "Flear, Christine"]
[Result "1/2-1/2"]
[WhiteElo "2063"]
[BlackElo "2170"]
[PlyCount "96"]
[EventDate "2010.05.29"]
[EventType "team-tourn"]
[EventRounds "9"]
[EventCountry "SUI"]
[SourceTitle "CBM 136 Extra"]
[Source "ChessBase"]
[SourceDate "2010.07.02"]
[SourceVersion "2"]
[SourceVersionDate "2010.07.15"]
[SourceQuality "1"]
[WhiteTeam "Austria (W)"]
[BlackTeam "France (W)"]
[WhiteTeamCountry "AUT"]
[BlackTeamCountry "FRA"]

1. e4 c5 2. Nf3 e6 3. d4 cxd4 4. Nxd4 a6 5. Nc3 Qc7 6. Be2 Nf6 7. 0-0 Bb4 8. Qd3 Nc6 9. Nxc6 bxc6 10. f4 d5 11. e5 Nd7 12. Na4 0-0 13. c4 Nc5 14. Nxc5 Bxc5+ 15. Kh1 f6 16. cxd5 cxd5 17. exf6 Rxf6 18. Bd2 Qf7 19. g3 Bb7 20. Bf3 e5 21. fxe5 Rxf3 22. Rxf3 d4 23. Kg2 Rf8 24. Raf1 Bd5 25. b3 Qh5 26. e6 Qe5 27. Kg1 Rxf3 28. Rxf3 Qxe6 29. Rf2 g6 30. Re2 Qg4 31. Be1 Qxe2 32. Qxe2 d3+ 33. Qf2 Bxf2+ 34. Kxf2 Be6 35. Ke3 Bf5 36. Kd4 Kf7 37. Kc5 g5 38. a4 Be6 39. b4 Bb3 40. b5 axb5 41. axb5 Ke6 42. b6 Bd5 43. Kd4 Kd6 44. Kxd3 g4 45. Bf2 Kc6 46. Bd4 Bf3 47. Ke3 Bd1 48. Kf4 Be2 1/2-1/2

[Event "Graz-ch"]
[Site "Graz"]
[Date "2010.01.09"]
[Round "2"]
[White "Schink, Barbara"]
[Black "Handler, Lukas"]
[Result "1-0"]
[WhiteElo "2027"]
[BlackElo "2158"]
[PlyCount "119"]
[EventDate "2010.01.08"]
[EventType "swiss"]
[EventRounds "7"]
[EventCountry "AUT"]
[SourceTitle "CBM 134 Extra"]
[Source "ChessBase"]
[SourceDate "2010.03.03"]
[SourceVersion "1"]
[SourceVersionDate "2010.03.03"]
[SourceQuality "1"]

1. e4 e5 2. Nf3 Nc6 3. Bb5 a6 4. Ba4 Nf6 5. 0-0 Be7 6. Re1 b5 7. Bb3 d6 8. c3 0-0 9. d4 Bg4 10. d5 Na5 11. Bc2 c6 12. h3 Bc8 13. dxc6 Qc7 14. Nbd2 Qxc6 15. Nf1 Nc4 16. a4 Be6 17. Ng5 Bd7 18. b3 Na5 19. Bd2 Nb7 20. axb5 axb5 21. Rxa8 Rxa8 22. b4 Nd8 23. Ng3 Ne6 24. Nf3 g6 25. Bb3 Kg7 26. Bd5 Qc8 27. Bxa8 Qxa8 28. Qe2 Bc6 29. Qd3 Nf4 30. Qc2 N4h5 31. Bg5 Nxg3 32. Bxf6+ Bxf6 33. fxg3 Bd8 34. g4 Bb6+ 35. Kh1 h5 36. gxh5 f5 37. Nd2 f4 38. Qd3 Qd8 39. hxg6 Kxg6 40. Nf3 Bc7 41. Rd1 Qa8 42. Re1 Qa2 43. Nh4+ Kf6 44. Rd1 Qc4 45. Qxc4 bxc4 46. Re1 Bb6 47. Re2 Ke6 48. Nf3 Be3 49. Ng5+ Kf6 50. h4 d5 51. exd5 Bxd5 52. Kh2 Kf5 53. Kh3 e4 54. g4+ Ke5 55. Rxe3 fxe3 56. Kg3 e2 57. Kf2 Kf4 58. Kxe2 e3 59. b5 Bb7 60. Ne6+ 1-0